Statistics for Days of the Week in Latin Languages

Click here to take the quiz!

General Stats

  • This quiz has been taken 8 times
  • The average score is 13 of 35

Answer Stats

HintRomance Language% Correct
Mondaylunes
100%
Sundaydomingo
83%
Thursdayjueves
83%
Tuesdaymartes
83%
Wednesdaymiércoles
83%
Saturdaysábado
83%
Mondaylunedì
67%
Tuesdaymartedì
67%
Fridayviernes
67%
Sundaydimanche
50%
Mondaylundi
50%
Tuesdaymardi
50%
Wednesdaymercoledì
50%
Sundaydomenica
33%
Thursdaygiovedì
33%
Thursdayjeudi
33%
Wednesdaymercredi
33%
Saturdaysabato
33%
Saturdaysamedi
33%
Fridayvendredi
33%
Fridayvenerdì
33%
Sundaydomingo
17%
Tuesdaymarți
17%
Wednesdayquarta-feira
17%
Thursdayquinta-feira
17%
Saturdaysábado
17%
Saturdaysâmbătă
17%
Mondaysegunda-feira
17%
Fridaysexta-feira
17%
Tuesdayterça-feira
17%
Sundayduminică
0%
Thursdayjoi
0%
Mondayluni
0%
Wednesdaymiercuri
0%
Fridayvineri
0%

Score Distribution

Percentile by Number Answered

Percent of People with Each Score

Your Score History

You have not taken this quiz